00504nam a2200193 a 4500001001300000003000900013005001700022008004100039020001100080082001700091100001600108245003600124260004700160300000900207500003500216505002400251650001900275700001600294nice12345678IN_TiNIC20260116011926.0050524s1972 laha grp 000 0 eng  ac14.500a297.297bRAH aRahman, S A aPunishment of Apostasy in Islam aLahorebInstitute of Islamic Culturec1972 a144p aincludes index and biblioraphy2 aBibliography, Index aIslam-Apostasy1 aRahman, S A